000
00208 a2200097 4500
001
47563
100
_a
Remy
245
_a
The silent company
260
_a
London
_b
Arthur barker ltd
_c
090
_c
30577
_d
30577
942
_a
NUST-CAE
_c
M
_c
22866
999
_c
282636
_d
282636